Los burgueses inmigrantes: el concurso de los italianos en la formación del empresariado urbano uruguayo
محفوظ في:
| المؤلفون الرئيسيون: | , |
|---|---|
| التنسيق: | كتاب |
| اللغة: | الإسبانية |
| منشور في: |
Montevideo
Fin de Siglo
1995
|
| سلاسل: | Colección Raíces
|
| الموضوعات: | |
| الوسوم: |
إضافة وسم
لا توجد وسوم, كن أول من يضع وسما على هذه التسجيلة!
|
MARC
| LEADER | 00000nam a2200000 a 4500 | ||
|---|---|---|---|
| 001 | UCL4885 | ||
| 003 | CL-VaPUC | ||
| 008 | 040227e19950000UY |||||||||||||||||spa|d | ||
| 020 | |a 9974490502 | ||
| 082 | 0 | 4 | |a 325.89 |b BER |2 21 |
| 100 | 0 | |a Beretta Curi, Alcides |e author |9 482584 | |
| 700 | 0 | |a García Etcheverry, Ana |e author |9 482585 | |
| 245 | 1 | 4 | |a Los burgueses inmigrantes: el concurso de los italianos en la formación del empresariado urbano uruguayo |
| 300 | |a 181 p | ||
| 942 | |c BK | ||
| 945 | |d 20040227 00:00:00 |a cmena | ||
| 260 | |a Montevideo |b Fin de Siglo |c 1995 | ||
| 650 | 0 | |a Inmigración |9 268290 | |
| 650 | 0 | |a Burguesía |9 318985 | |
| 650 | 7 | |a EMPRESARIOS |2 CL-VaPUC |9 315086 | |
| 651 | 0 | |a Uruguay |9 255194 | |
| 651 | 0 | |a Italia |9 254949 | |
| 583 | |a last modification |c 20040227 00:00:00 |k Rodrigo Vera | ||
| 490 | 0 | |a Colección Raíces | |
| 999 | |c 307640 |d 307638 | ||
| 952 | |0 0 |1 0 |4 0 |6 325_890000000000000_BER_1995 |7 0 |8 A |9 373684 |a BIBHIS |b BIBHIS |d 2019-11-21 |i 3986268 |o 325.89 BER 1995 |p 3986268 |r 2025-01-20 |w 2019-11-21 |y BK |k HIS | ||